| 000 | 00685nam a22002297a 4500 | ||
|---|---|---|---|
| 005 | 20170124105937.0 | ||
| 010 | _aA-409866 | ||
| 020 |
_c00.00 _a0192115979 |
||
| 035 | _aA-409866 | ||
| 037 | _bCen Lib/Ret | ||
| 040 |
_aDPL _bEN |
||
| 082 |
_a398.4103 _bDIC |
||
| 245 |
_aA Dictionary of superstitions / _cedited by Iona Opie [and] Moira Tatem |
||
| 260 |
_aNew York _bOxford University Press _c1989 |
||
| 270 |
_aWalton Street, Oxford ox2 6DP _bNew York |
||
| 300 |
_axiii,494p. _c24cm(Hb) |
||
| 650 |
_aSuperstition _910067 |
||
| 650 |
_aFolklore _97388 |
||
| 700 |
_aOpie, Iona _910068 |
||
| 700 |
_aTatem, Moira _910069 |
||
| 942 |
_2ddc _cEN _h398.4103 _mDIC |
||
| 999 |
_c124264 _d124264 |
||